| 000 | 00938cam a22002173a 4500 | ||
|---|---|---|---|
| 999 |
_c3635 _d3635 |
||
| 005 | 20180509065830.0 | ||
| 008 | 981001s1998||||xxu|||||s|||||000 e eng d | ||
| 040 |
_cAPEC Schools Library _erda |
||
| 041 | _aeng | ||
| 100 | 1 |
_aFiske, John, _d1842-1901 |
|
| 245 | 1 | 4 |
_aThe Unseen World, and Other Essays / _cJohn Fiske |
| 336 |
_2rdacontent _atext |
||
| 337 |
_2rdamedia _acomputer |
||
| 338 |
_2rdacarrier _aonline resource |
||
| 505 | 0 | _aThe unseen world -- "The to-morrow of death" -- The Jesus of history -- The Christ of dogma -- A word about miracles -- Draper on science and religion -- Nathan the Wise -- Historical difficulties -- The famine of 1770 in Bengal -- Spain and the Netherlands -- Longfellow's Dante -- Paine's "St. Peter" -- A philosophy of art -- Athenian and American life. | |
| 506 | _aPublic domain in the USA. | ||
| 516 | _aText | ||
| 653 | _aAmerican essays | ||
| 655 | _aelectronic books | ||
| 856 | 4 | 0 | _uhttps://goo.gl/pHMdkf |
| 942 |
_2ddc _cEBK |
||